<?xml version="1.0" encoding="UTF-8"?>
<record
    xmlns:xsi="http://www.w3.org/2001/XMLSchema-instance"
    xsi:schemaLocation="http://www.loc.gov/MARC21/slim http://www.loc.gov/standards/marcxml/schema/MARC21slim.xsd"
    xmlns="http://www.loc.gov/MARC21/slim">

  <leader>01302nam a22002177a 4500</leader>
  <controlfield tag="003">OSt</controlfield>
  <controlfield tag="005">20181108103055.0</controlfield>
  <controlfield tag="008">180305b        xxu||||| |||| 00| 0 spa d</controlfield>
  <datafield tag="040" ind1=" " ind2=" ">
    <subfield code="c">PJ</subfield>
  </datafield>
  <datafield tag="100" ind1=" " ind2=" ">
    <subfield code="9">60</subfield>
    <subfield code="a">L&#xF3;pez-Font M&#xE1;rquez, Jos&#xE9; Francisco</subfield>
  </datafield>
  <datafield tag="245" ind1="1" ind2="0">
    <subfield code="a">Aspectos procesales de la tutela jurisdiccional contencioso-administativa :</subfield>
    <subfield code="c">Jos&#xE9; Francisco L&#xF3;pez-Font M&#xE1;rquez; pr&#xF3;logo de Antonio Jim&#xE9;nez-Blanco Carrillo de Albornoz.</subfield>
    <subfield code="b">Estudio de la jurisprudencia del Tribunal Supremo surgida del proceso especial regulado en la Ley 62/1978. A&#xF1;os 1979 a 1991. </subfield>
  </datafield>
  <datafield tag="260" ind1=" " ind2=" ">
    <subfield code="a">Granada : </subfield>
    <subfield code="b">Universidad de Granada, </subfield>
    <subfield code="c">1993.</subfield>
  </datafield>
  <datafield tag="300" ind1=" " ind2=" ">
    <subfield code="a">137 p.</subfield>
    <subfield code="c">21 cm.</subfield>
  </datafield>
  <datafield tag="505" ind1=" " ind2=" ">
    <subfield code="a">Contenido:
&#xC1;mbito de la competencia jurisdiccional del recurso contencioso - administrativo de protecci&#xF3;n de derechos fundamentales -- Legitimaci&#xF3;n -- Actos administrativos impugnables -- Efectos de la sentencia -- Suspensi&#xF3;n procedente de la ejecutividad del acto administrativo impugnado -- Suspensi&#xF3;n improcedente de la ejecutividad del acto administrativo impugnado.</subfield>
  </datafield>
  <datafield tag="650" ind1=" " ind2=" ">
    <subfield code="a">DERECHO ADMINISTRATIVO</subfield>
    <subfield code="9">211</subfield>
  </datafield>
  <datafield tag="650" ind1=" " ind2="0">
    <subfield code="a">DERECHO PROCESAL</subfield>
    <subfield code="9">267</subfield>
  </datafield>
  <datafield tag="650" ind1=" " ind2="0">
    <subfield code="a">CONTENCIOSO</subfield>
    <subfield code="9">2647</subfield>
  </datafield>
  <datafield tag="651" ind1=" " ind2="0">
    <subfield code="9">455</subfield>
    <subfield code="a">ESPA&#xD1;A</subfield>
  </datafield>
  <datafield tag="700" ind1=" " ind2=" ">
    <subfield code="9">2143</subfield>
    <subfield code="a">Jim&#xE9;nez-Blanco Carrillo de Albornoz, Antonio</subfield>
    <subfield code="e">prologuista</subfield>
  </datafield>
  <datafield tag="942" ind1=" " ind2=" ">
    <subfield code="2">udc</subfield>
    <subfield code="c">LIB</subfield>
    <subfield code="h">347.922</subfield>
    <subfield code="i">LOP</subfield>
  </datafield>
  <datafield tag="999" ind1=" " ind2=" ">
    <subfield code="c">46</subfield>
    <subfield code="d">46</subfield>
  </datafield>
  <datafield tag="952" ind1=" " ind2=" ">
    <subfield code="0">0</subfield>
    <subfield code="1">0</subfield>
    <subfield code="2">udc</subfield>
    <subfield code="4">0</subfield>
    <subfield code="7">0</subfield>
    <subfield code="a">DJS</subfield>
    <subfield code="b">DJS</subfield>
    <subfield code="d">2018-03-05</subfield>
    <subfield code="o">347.922 LOP</subfield>
    <subfield code="p">5639</subfield>
    <subfield code="r">2018-03-05</subfield>
    <subfield code="w">2018-03-05</subfield>
    <subfield code="y">LIB</subfield>
  </datafield>
</record>
